|
|
|
|
| LEADER |
02532nam a2200577 a 4500 |
| 001 |
nkc20102029164 |
| 003 |
CZ PrNK |
| 005 |
20200528085255.0 |
| 007 |
ta |
| 008 |
100115s2009 xr a f 001 0 cze |
| 015 |
|
|
|a cnb002029164
|
| 020 |
|
|
|a 978-80-7315-187-4
|q (brož.)
|
| 035 |
|
|
|a (OCoLC)607527075
|
| 040 |
|
|
|a BOA001
|b cze
|d OLA001
|d ABA001
|
| 041 |
0 |
|
|a cze
|b eng
|
| 072 |
|
7 |
|a 373.2/.3
|x Předškolní a primární výchova a vzdělávání
|2 Konspekt
|9 22
|
| 080 |
|
|
|a 37.0
|2 MRF
|
| 080 |
|
|
|a 004
|2 MRF
|
| 080 |
|
|
|a 621.39+004.7
|2 MRF
|
| 080 |
|
|
|a 373.3.011.3-051
|2 MRF
|
| 080 |
|
|
|a (437.3)
|2 MRF
|
| 080 |
|
|
|a (048.8)
|2 MRF
|
| 100 |
1 |
|
|a Zounek, Jiří,
|d 1973-
|7 mzk2002103012
|4 aut
|
| 245 |
1 |
0 |
|a Učitelé a technologie :
|b mezi tradičním a moderním pojetím /
|c Jiří Zounek, Klára Šeďová
|
| 250 |
|
|
|a 1. vyd.
|
| 260 |
|
|
|a Brno :
|b Paido,
|c 2009
|
| 300 |
|
|
|a 172 s. :
|b il. ;
|c 23 cm
|
| 500 |
|
|
|a Pub. vydána na základě řešení grantového projektu Informační a komunikační technologie v každodenní práci učitele GA ČR 406/06/1022
|
| 500 |
|
|
|a 400 výt.
|
| 504 |
|
|
|a Obsahuje bibliografii, bibliografické odkazy a rejstřík
|
| 546 |
|
|
|a Anglické resumé
|
| 650 |
0 |
7 |
|a výchova a vzdělávání
|7 ph127419
|z Česko
|2 czenas
|
| 650 |
0 |
7 |
|a informační technologie
|7 ph121106
|z Česko
|2 czenas
|
| 650 |
0 |
7 |
|a komunikační technologie
|7 ph121769
|z Česko
|2 czenas
|
| 650 |
0 |
7 |
|a učitelé základních škol
|7 ph191872
|z Česko
|2 czenas
|
| 650 |
0 |
9 |
|a education
|z Czechia
|2 eczenas
|
| 650 |
0 |
9 |
|a information technology
|z Czechia
|2 eczenas
|
| 650 |
0 |
9 |
|a communication technology
|z Czechia
|2 eczenas
|
| 650 |
0 |
9 |
|a elementary school teachers
|z Czechia
|2 eczenas
|
| 655 |
|
7 |
|a monografie
|7 fd132842
|2 czenas
|
| 655 |
|
9 |
|a monographs
|2 eczenas
|
| 700 |
1 |
|
|a Šeďová, Klára,
|d 1974-
|7 mzk2005279375
|4 aut
|
| 856 |
4 |
1 |
|u http://www.digitalniknihovna.cz/mzk/uuid/uuid:ee6d1eb0-3262-11e4-8f64-005056827e52
|y Digitalizovaný dokument
|x NDK
|
| 910 |
2 |
|
|a BOA001
|b 2-1238.817
|
| 990 |
|
|
|a BK
|
| 995 |
|
|
|a 01
|
| 991 |
|
|
|b 201003
|c NOV
|j 373.2/.3 ZOU
|
| 996 |
6 |
|
|b 2610413046
|c 2-1238.817
|l MZK
|r Sklad / do 1 hodiny
|n 34
|p p.v.
|w 001110855
|u 000010
|a 1
|e BOA001
|j MZK50
|s P
|
| 996 |
7 |
|
|b 2610413047
|c 2-1238.817
|l MZK
|r Sklad / do 1 hodiny
|n 47
|p p.v.
|w 001110855
|u 000020
|a 1
|e BOA001
|j MZK50
|s A
|
| 996 |
7 |
|
|b 2610468687
|c 2-1238.817
|l MZK
|r Sklad / do 1 hodiny
|n 45
|p dar
|w 001110855
|u 000030
|a 1
|e BOA001
|j MZK50
|s A
|
| 996 |
7 |
|
|b 2610825440
|c 2-1238.817
|l MZK
|r Sklad / do 1 hodiny
|n 2
|p kup
|w 001110855
|u 000040
|a 1
|e BOA001
|j MZK50
|s A
|